| 000 | 00708nam a22002417a 4500 | ||
|---|---|---|---|
| 003 | IIN | ||
| 005 | 20250428132102.0 | ||
| 008 | 250428b |||ad||| |||| 001 0 eng d | ||
| 020 |
_a9789390619436 _c1395.00 |
||
| 040 | _aIIN | ||
| 082 |
_a612 _bKHU |
||
| 100 | _aKhurana, Indu | ||
| 245 |
_aTextbook of Applied Anatomy & Physiology _bfor BSc Nursing Students for Semester I _cIndu Khurana, Arushi Khurana and N Gurukripa Kowlgi |
||
| 250 | _a3rd ed. | ||
| 260 |
_aNew Delhi _bCBSPD _c2023 |
||
| 300 |
_axxiv, 578 p. _bcol. ill. |
||
| 500 | _aIncludes Index | ||
| 650 |
_aAnatomy _vNursing |
||
| 650 |
_aPhysiology _vNursing |
||
| 700 | _aKhurana, Arushi | ||
| 700 | _aKowlgi, N Gurukripa | ||
| 942 | _cBOOK | ||
| 999 |
_c1754 _d1754 |
||